00827nam a2200181Ia 4500003000900000008004100009020001800050040001600068080002200084111011800106245024900224260004800473300001400521650002000535650004100555650002400596700002500620IN-BaIIA211028s9999 xx 000 0 eng d a0-521-37485-5 cIIA Library a52-43(082.2)bDYN aConference on Dynamics of Astrophysical Discscdepartment of astronomy, University of Manchesterd1988 Dec. 13-16 0aDynamics of astrophysical discsbproceedings of a conference on dynamics of astrophysical discs held in the department of astronomy, University of Manchester, 13-16 December 1988cedited by J. A. Sellwood  aCambridgebCambridge University Pressc1989 axv, 257p. aAccretion disks aAstronomy and astrophysics thesaurus aCircumstellar disks aSellwood, J. A., ed.